00462nam a2200193 a 4500001001300000003000900013005001700022008003800039020001000077082001800087100002400105245003300129260001300162300000900175500003500184505001000219650001500229700002400244nice12345678IN_TiNIC20260116011447.0050524s1935 a grp 000 0 urd  ac10000a297.86bAHM35 aAhmed, Mirza Ghulam aTazkira Yani Wahi-E-Muqaddas abc1935 a296p aincludes index and biblioraphy2 aIndex aAhmadiyyah1 aAhmed, Mirza Ghulam